[Event "Irish New Year Events-GM 2020"]
[Site "Dublin"]
[Date "2020.01.03"]
[Round "1.1"]
[White "Turner, Matthew J"]
[Black "Li, Henry"]
[Result "1-0"]
[WhiteElo "2521"]
[BlackElo "2288"]
[Annotator "TA"]
[PlyCount "65"]
[EventDate "2020.01.02"]
[EventType "tourn"]
[EventCountry "IRL"]
[SourceTitle "playchess.com"]
[Source "ChessBase"]
[SourceQuality "1"]

{[%evp 18,65,32,22,21,29,8,-15,-16,-52,-56,-50,0,0,0,0,0,-112,-35,-142,-10,0,0,0,35,0,161,112,264,250,243,252,270,247,275,145,587,582,538,573,548,538,1793,1787,12838,890,6271,8589,29981,29982]} 1. d4 Nf6 2. Nf3 g6 3. c4 Bg7 4. g3 O-O 5. Bg2 d6 6. O-O Nc6 7. Nc3 e5 8. dxe5 dxe5 9. Bg5 Be6 10. Nd2 Qc8 {E62: King's Indian: Fianchetto: 6...c6 and Panno Variation (6...Nc6) without ...a6} (10... Qb8 11. Nd5 Nd7 12. b4 Nd4 13. e3 Nf5 14. g4 Nh6 15. Bxh6 Bxh6 16. Ne4 Qd8 17. Qe2 c6 18. Rad1 cxd5 19. cxd5 Bxg4 20. Qxg4 {1-0 (40) Esipenko,A (2625)-Jojua,D (2563) Minsk 2019}) 11. Bxf6 Bxf6 12. Nd5 Bg7 {The position is equal.} 13. Qa4 Kh8 14. Nb3 $146 ({Predecessor:} 14. e3 Nd8 15. Ne4 f5 16. Ng5 Bd7 17. Qb3 c6 18. Nc3 {1-0 (50) Tombolis,C (1931)-Kataev,A (1912) Paris 2019}) 14... Bh3 15. Bxh3 Qxh3 16. Nxc7 Rac8 17. Nb5 (17. Nd5 $11 {remains equal.}) 17... e4 ({Better is} 17... f5 $1 $17 18. Nd6 Rc7) 18. Nd6 {[#]} (18. f3 $15) 18... Ne5 (18... f5 $1 $17 19. Nxc8 f4 20. gxf4 (20. Nxa7 $2 {gets mated.} f3 21. exf3 exf3 22. Nxc6 Qg2#) 20... Bxb2) 19. f3 $11 exf3 20. exf3 Rcd8 21. Rad1 Qe6 $2 (21... f5 $1 $11 22. Qxa7 f4) 22. c5 $36 {[%mdl 2048] White is in control.} b6 $2 {[#]} (22... Kg8 $16 23. Qxa7 Rb8) 23. f4 $1 $18 {[%cal Rf4e5]} ({Resist} 23. Qxa7 $6 Ra8 $18) 23... Ng4 {( -> ...Qe3+)} 24. Rfe1 Qf6 {White should prevent ...bxc5.} 25. Qxa7 {And now Nxf7+! would win.} Ra8 26. Qe7 ({White should play} 26. Qd7 $18 h5 27. h3 (27. cxb6 Rxa2 28. Nc4 Rxb2 $18)) 26... Qxb2 $4 {[%mdl 8192]} (26... Qxe7 $16 {is more resistant.} 27. Rxe7 bxc5) 27. Re2 Qc3 28. Nxf7+ Kg8 {White must now prevent ...Rae8.} 29. Ng5 Rae8 30. Qxe8 Rxe8 31. Rxe8+ Bf8 32. Rdd8 Kg7 33. Rd7+ {Accuracy: White = 56%, Black = 31%.} 1-0

[Event "Irish New Year Events-GM 2020"]
[Site "Dublin"]
[Date "2020.01.03"]
[Round "1.2"]
[White "Pajeken, Jakob Leon"]
[Black "Ryan, Joseph"]
[Result "1/2-1/2"]
[WhiteElo "2327"]
[BlackElo "2293"]
[Annotator "NA"]
[PlyCount "49"]
[EventDate "2020.01.02"]
[EventType "tourn"]
[EventCountry "IRL"]
[SourceTitle "playchess.com"]
[Source "ChessBase"]
[SourceQuality "1"]
[TimeControl "40/5400+30:1800+30"]

{[%evp 23,49,16,43,38,52,20,12,6,8,-10,32,-9,45,47,58,33,42,-43,0,-38,-34,-20,-30,-28,-39,-34,-25,-34]} 1. d4 {[%emt 1:30:30]} Nf6 {[%emt 1:30:30]} 2. Nf3 {[%emt 0:00:30]} e6 {[%emt 0:00:30]} 3. e3 {[%emt 0:00:30]} b6 {[%emt 0:00:30]} 4. c4 {[%emt 0:00:30]} Bb7 {[%emt 0:00:30]} 5. Nc3 {[%emt 0:00:30]} Bb4 {[%emt 0:00:30]} 6. Bd3 {[%emt 0:00:30]} Ne4 {[%emt 0:00:30]} 7. Qc2 {[%emt 0:00:30]} Bxc3+ {[%emt 0:00:30]} 8. bxc3 {[%emt 0:00:30]} f5 {[%emt 0:00:30]} 9. O-O {[%emt 0:00:30]} O-O {[%emt 0:00:30]} 10. Nd2 {[%emt 0:00:30]} Qh4 {[%emt 0:00:30]} 11. f3 {[%emt 0:00:30]} Nxd2 {[%emt 0:00:30]} 12. Bxd2 {[%emt 0:00:30]} Nc6 {[%emt 0:00:30]} 13. Rae1 {[%emt 0:00:30] E43: Nimzo-Indian: Rubinstein: 4...b6} (13. Rab1 Rf6 14. Be1 Qh6 15. Kh1 d6 16. Bf2 Raf8 17. c5 dxc5 18. dxc5 Ne5 19. Be2 Rg6 20. Bg1 Qg5 21. Bb5 {0-1 (63) Duda,J (2660)-Kovalenko,I (2680) Tallinn 2016}) 13... Rf6 {[%emt 0:00:30]} 14. Bc1 $146 {[%emt 0:00:30]} ({Predecessor:} 14. e4 f4 15. e5 Rh6 16. h3 Rf8 17. Rf2 Na5 18. Kf1 Qg3 19. d5 Ba6 20. Re4 g5 21. Bc1 g4 22. fxg4 exd5 23. Rexf4 Re8 24. R4f3 Qh4 25. Bxh6 Qxh6 26. Bxh7+ {1-0 (26) Karavade,E (2330)-Van der Plas,R (2165) Reykjavik 2011}) 14... Na5 {[%emt 0:00:30]} 15. g3 {[%emt 0:00:30] The position is equal.} Qh5 {[%emt 0:00:30]} 16. Qe2 {[%emt 0:00:30]} Raf8 {[%emt 0:00:30]} 17. Ba3 {[%emt 0:00:30]} R8f7 {[%emt 0:00:30]} (17... d6 $11) 18. c5 $14 {[%emt 0:00:30]} g5 {[%emt 0:00:30]} 19. Ba6 {[%emt 0:00:30]} Ba8 {[%emt 0:00:30]} 20. Qf2 {[%emt 0:00:30]} (20. Rf2 $14) 20... g4 {[%emt 0:00:30]} (20... f4 {is more complex.} 21. exf4 gxf4 22. Re5 fxg3 23. Qxg3+ Qg6) 21. cxb6 {[%emt 0:00:30]} axb6 {[%emt 0:00:30]} 22. fxg4 {[%emt 0:00:30]} Qxg4 {[%emt 0:00:30] [#] Hoping for ...Qe4.} 23. Qf4 {[%emt 0:00:30]} Qxf4 {[%emt 0:00:30]} ({Much weaker is} 23... Qh3 24. Rf2 $14) 24. Rxf4 {[%emt 0:00:30]} Bd5 {[%emt 0:00:30]} 25. Bb4 {[%emt 0:00:30] Accuracy: White = 32%, Black = 47%.} 1/2-1/2

[Event "Irish New Year Events-GM 2020"]
[Site "Dublin"]
[Date "2020.01.03"]
[Round "1.3"]
[White "Collins, Sam E."]
[Black "Kosten, Anthony C."]
[Result "1-0"]
[WhiteElo "2446"]
[BlackElo "2402"]
[Annotator "TA"]
[PlyCount "61"]
[EventDate "2020.01.02"]
[EventType "tourn"]
[EventCountry "IRL"]
[SourceTitle "playchess.com"]
[Source "ChessBase"]
[SourceQuality "1"]

{[%evp 17,69,30,36,20,25,24,33,29,36,46,66,45,77,74,108,108,94,103,95,101,101,101,88,82,98,85,253,257,266,256,270,265,242,229,229,223,227,226,438,439,461,445,512,507,544,496,801,778,911,835,902,884,862,873]} 1. e4 e5 2. Nf3 Nc6 3. Bb5 a6 4. Ba4 Nf6 5. O-O Be7 6. Re1 d6 7. Bxc6+ bxc6 8. d4 exd4 9. Nxd4 Bd7 10. c4 {C87: Closed Ruy Lopez: Steinitz-type lines after 6 Re1 d6} (10. Nc3 O-O 11. Qf3 Re8 12. h3 h6 13. Bf4 c5 14. Nf5 Bxf5 15. exf5 d5 16. g4 c6 17. b3 Nd7 18. Na4 Bf6 19. Rxe8+ Qxe8 20. Rd1 {0-1 (33) Ivanchuk,V (2726)-Mamedyarov,S (2799) Huaian 2017}) 10... O-O 11. Nc3 Re8 12. Qf3 {White is slightly better.} Rb8 13. b3 c5 14. Nf5 Bxf5 15. exf5 Nd7 16. Bd2 {[#]} Bf6 $146 ({Predecessor:} 16... Ne5 17. Qg3 Qd7 {½-½ (32) Shabalov,A (2605)-Ehlvest,J (2605) Washington DC 2004}) 17. Rxe8+ Qxe8 18. Re1 $36 {[%mdl 2048] Black is under strong pressure.} Qd8 19. Nd5 {[%cal Bc3d5,Bd5e7,Be7c6][%mdl 32]} Be5 20. g3 Nb6 21. Bc3 Bxc3 $2 (21... Nxd5 $16 {is a better defense.} 22. Bxe5 Nb4) 22. Ne7+ $18 ({Less strong is} 22. Nxc3 a5 $14) ({Worse is} 22. Qxc3 Nxd5 23. cxd5 Qd7 $11) 22... Kh8 23. Qxc3 {[#] Hoping for Nc6.} Qf8 24. f6 Nd7 25. Nc6 {Strongly threatening fxg7+.} Rc8 26. fxg7+ Qxg7 27. Qa5 Nf6 $2 (27... Qf8 {was worth a try.} 28. Qxa6 Re8) 28. Ne7 {White is clearly winning.} Rf8 {Black hopes to continue with ...Ng4.} 29. Qxc7 Ne8 30. Qd8 Qf6 31. Kg2 {Played: Qd8-c8} 1-0

[Event "Irish New Year Events-GM 2020"]
[Site "Dublin"]
[Date "2020.01.03"]
[Round "1.4"]
[White "Fitzsimons, David"]
[Black "Brady, Stephen"]
[Result "1-0"]
[WhiteElo "2317"]
[BlackElo "2285"]
[Annotator "TA"]
[PlyCount "27"]
[EventDate "2020.01.02"]
[EventType "tourn"]
[EventCountry "IRL"]
[SourceTitle "playchess.com"]
[Source "ChessBase"]
[SourceQuality "1"]

{[%evp 10,81,33,24,30,0,5,0,37,31,40,33,63,59,50,52,88,47,61,0,0,0,0,0,7,0,0,0,24,17,17,0,25,24,25,22,23,25,29,10,38,41,41,44,39,31,37,31,29,29,29,-10,94,101,101,101,101,88,177,196,295,305,365,183,183,182,590,440,878,329,29975,29976,29975,29975]} 1. e4 c6 2. Nc3 d5 3. Nf3 dxe4 4. Nxe4 Nf6 5. Qe2 Nxe4 6. Qxe4 Qd5 {B11: Caro-Kann: Two Knights Variation} (6... Qa5 7. Qh4 Nd7 8. Bc4 Ne5 9. Be2 Nxf3+ 10. Bxf3 Bf5 11. O-O Bxc2 12. d4 e6 13. Qg3 Bg6 14. h4 {1-0 (48) Wei,Y (2721)-Vachier Lagrave,M (2774) chess.com INT 2019}) 7. Qh4 Qe6+ 8. Be2 Qg4 {The position is equal.} 9. Qg3 Qxg3 10. hxg3 Nd7 11. b3 Nf6 12. Bb2 g6 13. Ne5 $146 ({Predecessor:} 13. Ng5 Bg7 14. Nxh7 Rxh7 15. Rxh7 Nxh7 16. Bxg7 {1-0 (41) Burke,J (2514)-Gorovets,A (2517) Charlotte 2018}) 13... Bg7 14. O-O-O {Played: Ne5-g4} 1-0

[Event "Irish New Year Events-GM 2020"]
[Site "Dublin"]
[Date "2020.01.03"]
[Round "1.5"]
[White "Astaneh Lopez, Alex"]
[Black "Pert, Nicholas"]
[Result "1/2-1/2"]
[WhiteElo "2432"]
[BlackElo "2558"]
[Annotator "TA"]
[PlyCount "62"]
[EventDate "2020.01.02"]
[EventType "tourn"]
[EventCountry "IRL"]
[SourceTitle "playchess.com"]
[Source "ChessBase"]
[SourceQuality "1"]

{[%evp 12,62,19,19,54,39,52,41,45,44,47,47,69,46,54,0,0,0,0,-18,-15,-32,0,19,56,50,42,33,22,0,0,0,0,0,0,0,0,0,0,0,0,0,0,0,0,0,0,0,8,8,8,8,29]} 1. Nf3 Nf6 2. g3 g6 3. Bg2 Bg7 4. O-O O-O 5. c4 b6 6. d4 Bb7 7. d5 e6 {[%cal Re6d5] A50: Queen's Fianchetto Defence (1 d4 Nf6 2 c4 b6)} 8. Nc3 $1 exd5 9. cxd5 Re8 {White is slightly better.} 10. Nd4 Na6 11. Bg5 h6 12. Bf4 $146 ({Predecessor:} 12. Bxf6 Qxf6 13. e3 c6 {½-½ (55) Kamsky,G (2672)-Ipatov,A (2615) Arlington 2015}) 12... Nc5 13. Qd2 (13. Qc2 $14) 13... Nfe4 $11 14. Nxe4 Nxe4 15. Bxe4 Rxe4 16. Nb5 d6 17. Rac1 Qd7 18. Qd3 Rb4 $1 19. Rxc7 (19. a4 {is more complex.} Rc8 20. Nxa7 Rd8 21. Nb5 Rc8 22. b3) 19... Qxb5 20. Rxb7 {[#] And now Qf3 would win.The position is equal.} Qxd3 21. exd3 Rxb2 22. Bxd6 {Strongly threatening Bb8.} Rd8 ({Of course not} 22... Rxa2 $6 23. Bb8 $16) 23. Rb8 Rxb8 24. Bxb8 Rxa2 {[%mdl 4096] Endgame KRB-KRB} 25. Re1 Ra1 26. Rxa1 Bxa1 27. Bxa7 {KB-KB} Bd4 28. Bb8 Kf8 29. Bf4 g5 30. Bd6+ Ke8 31. g4 b5 {Accuracy: White = 69%, Black = 67%.} 1/2-1/2

[Event "Irish New Year Events-GM 2020"]
[Site "Dublin"]
[Date "2020.01.03"]
[Round "2.1"]
[White "Astaneh Lopez, Alex"]
[Black "Li, Henry"]
[Result "0-1"]
[WhiteElo "2432"]
[BlackElo "2288"]
[Annotator "ChessBase"]
[PlyCount "76"]
[EventDate "2020.01.02"]
[EventType "tourn"]
[EventCountry "IRL"]
[SourceTitle "playchess.com"]
[Source "ChessBase"]
[SourceQuality "1"]
[TimeControl "40/5400+30:1800+30"]

1. d4 {[%emt 1:30:30]} Nf6 {[%emt 1:30:30]} 2. Nf3 {[%emt 0:00:30]} g6 {[%emt 0:00:30]} 3. g3 {[%emt 0:00:30]} Bg7 {[%emt 0:00:30]} 4. Bg2 {[%emt 0:00:30]} O-O {[%emt 0:00:30]} 5. O-O {[%emt 0:00:30]} d6 {[%emt 0:00:30]} 6. Nc3 {[%emt 0:00:30]} c6 {[%emt 0:00:30]} 7. e4 {[%emt 0:00:30]} Qa5 {[%emt 0:00:30]} 8. Re1 {[%emt 0:00:30]} e5 9. h3 Re8 10. Be3 {[%emt 0:01:00]} Nbd7 {[%emt 0:01:30]} 11. dxe5 {[%emt 0:00:30]} dxe5 {[%emt 0:00:30]} 12. Nd2 {[%emt 0:00:30]} Qc7 {[%emt 0:00:30]} 13. Nc4 {[%emt 0:00:30]} Bf8 {[%emt 0:00:30]} 14. a4 {[%emt 0:00:30]} a5 {[%emt 0:00:30]} 15. Qf3 {[%emt 0:00:30]} Be7 {[%emt 0:00:30]} 16. Bf1 {[%emt 0:00:30]} b6 {[%emt 0:00:30]} 17. Rad1 {[%emt 0:00:30]} Rb8 {[%emt 0:00:30]} 18. Bg5 {[%emt 0:00:30]} Kg7 {[%emt 0:00:30]} 19. Qe3 {[%emt 0:00:30]} Bc5 {[%emt 0:00:30]} 20. Bh6+ {[%emt 0:00:30]} Kg8 {[%emt 0:00:30]} 21. Qf3 {[%emt 0:00:30]} Bf8 {[%emt 0:00:30]} 22. Bg5 {[%emt 0:00:30]} Kg7 {[%emt 0:00:30]} 23. b3 {[%emt 0:00:30]} h6 {[%emt 0:00:30]} 24. Bc1 {[%emt 0:00:30]} Be7 {[%emt 0:00:30]} 25. Bb2 {[%emt 0:00:30]} Bb4 {[%emt 0:00:30]} 26. Ne3 {[%emt 0:00:30]} Nh7 {[%emt 0:00:30]} 27. h4 {[%emt 0:00:30]} Ndf6 {[%emt 0:00:30]} 28. Re2 {[%emt 0:00:30]} Bc5 {[%emt 0:00:30]} 29. Red2 {[%emt 0:00:30]} h5 {[%emt 0:00:30]} 30. Ne2 {[%emt 0:00:30]} Qe7 {[%emt 0:00:30]} 31. Nc4 {[%emt 0:00:30]} Ng4 {[%emt 0:00:30]} 32. Nf4 {[%emt 0:00:30]} Nxf2 {[%emt 0:00:30]} 33. Rxf2 {[%emt 0:00:30]} Bg4 {[%emt 0:00:30]} 34. Nxe5 {[%emt 0:00:30]} Bxf3 {[%emt 0:00:30]} 35. Nexg6+ {[%emt 0:00:30]} Qf6 {[%emt 0:00:30]} 36. Bxf6+ {[%emt 0:00:30]} Nxf6 {[%emt 0:00:30]} 37. e5 {[%emt 0:00:30]} Bxd1 {[%emt 0:00:30]} 38. exf6+ {[%emt 0:00:30]} Kxf6 {[%emt 0:00:30]} 0-1

[Event "Irish New Year Events-GM 2020"]
[Site "Dublin"]
[Date "2020.01.03"]
[Round "2.2"]
[White "Pert, Nicholas"]
[Black "Fitzsimons, David"]
[Result "1-0"]
[WhiteElo "2558"]
[BlackElo "2317"]
[Annotator "TA"]
[PlyCount "137"]
[EventDate "2020.01.02"]
[EventType "tourn"]
[EventCountry "IRL"]
[SourceTitle "playchess.com"]
[Source "ChessBase"]
[SourceQuality "1"]

{[%evp 12,137,25,26,31,31,33,38,31,0,37,13,18,2,40,32,33,29,27,31,108,104,94,74,120,61,135,113,137,137,142,123,141,28,128,137,135,133,136,121,145,139,145,145,129,80,98,82,73,0,85,0,75,22,121,83,130,104,189,192,185,145,131,75,186,219,215,204,233,183,173,102,156,29,60,61,60,55,192,231,195,195,184,187,175,174,177,150,264,317,442,439,384,321,299,265,381,266,447,447,449,362,310,295,270,170,1000,915,1154,1069,29958,29963,29955,29958,29972,29973,29974,29975,29975,29976,29979,29980,29980,29981,29978,29980,29976,29971]} 1. d4 Nf6 2. Nf3 g6 3. g3 Bg7 4. Bg2 O-O 5. O-O d6 6. Nc3 Nbd7 7. a4 {[%cal Ba2a4,Ba4a5][%mdl 32]} e5 {A49: 1 d4 Nf6 2 Nf3 g6 3 g3: Anti-King's Indian systems} (7... c6 8. a5 Qc7 9. Qd3 Re8 10. Rd1 h6 11. h3 Rb8 12. e4 e5 13. dxe5 dxe5 14. Qc4 b5 15. axb6 axb6 {1-0 (46) Artemiev,V (2746)-Iljiushenok,I (2540) Khanty-Mansiysk 2019}) 8. dxe5 dxe5 9. a5 Qe7 {White is slightly better.} 10. Nd2 $146 ({Predecessor:} 10. e4 Rd8 11. Qe2 Nc5 12. Bg5 c6 13. Rfd1 Ne6 14. Rxd8+ Qxd8 15. Qc4 Nxg5 16. Nxg5 {0-1 (41) Carlier,B (2437)-Le Roux,J (2486) France 2007}) 10... Rb8 11. b3 Rd8 12. Ba3 $36 {[%mdl 2048] White is more active.} Nc5 13. Qc1 b6 14. Nde4 Nfxe4 15. Nxe4 f5 (15... Bf8 $14) 16. Nxc5 $16 bxc5 17. Qe3 Rb5 {...e4 would now be nice for Black.} 18. Bb2 (18. Qc3 $16 {Hoping for Qc4+.} Be6 19. e4) 18... a6 (18... e4 $14 19. Bxg7 Kxg7) 19. Rfd1 Rd6 20. Bd5+ Be6 21. c4 Rb8 22. Rac1 ({Better is} 22. Qxc5 $16 {aiming for Qa7.} Bxd5 23. Rxd5) 22... e4 (22... f4 $11 {remains equal.} 23. Qxc5 Rxb3) 23. Bxg7 Kxg7 24. Bxe6 Rxe6 25. Rd5 c6 26. Rd2 $1 ({Don't do} 26. Rxc5 Kg8 $14) 26... Rd8 27. Rcd1 $1 Rxd2 28. Rxd2 {[%mdl 4096] Endgame KQR-KQR} Kf7 29. Qh6 Kg8 30. Qe3 Kf7 $1 31. Qh6 Kg8 32. Qf4 (32. Rd1 $16) 32... Re5 (32... e3 $11 {keeps the balance.} 33. fxe3 Rxe3) 33. Qe3 Kf7 34. Rd1 Re6 (34... g5 $16) 35. Qh6 $18 Kg8 36. Qd2 Kf7 37. Kf1 ({White should try} 37. Qf4 $1) 37... Ke8 (37... g5 $16 {was called for.}) 38. Qf4 Re5 39. h4 Qf6 40. Qh6 Re7 {[#]} 41. Qd2 (41. h5 $1 $18) 41... Kf7 ({Black should play} 41... Qd4) 42. Qd8 (42. Qe3 $16) 42... f4 {...fxg3 is the strong threat.} 43. Qd6 fxg3 44. Qxg3 Qe5 (44... Ke8 $14) 45. Qxe5 Rxe5 {KR-KR} 46. Rd6 Re6 {[#]} 47. Rd8 $1 e3 48. Ra8 Rf6 49. f3 ({Much less strong is} 49. Rxa6 $6 Rxf2+ 50. Ke1 Rh2 $16) 49... Rd6 (49... Rf4 $16 50. h5 (50. Rxa6 Rxh4 51. Kg2 Rd4 $18) 50... gxh5 51. Rxa6 Rd4 52. Rxc6 h4 53. Rxc5 h3) 50. Rxa6 Rd1+ 51. Kg2 Rd2 52. f4 Rxe2+ 53. Kf3 Rb2 (53... Rh2 $142 54. Kxe3 Rxh4) 54. Rxc6 Rxb3 $2 (54... e2 {might work better.} 55. Kf2 Rxb3 56. Kxe2 Rh3 57. Rxc5 Rxh4) 55. Rxc5 Ra3 56. Rc7+ Ke6 57. Rxh7 e2+ 58. Kxe2 {Threatens to win with Ra7.} Kf5 $2 (58... Rxa5 59. Rh8 Ra2+ 60. Kd3 Rh2) 59. h5 gxh5 60. Rxh5+ Kxf4 61. Kd2 {White mates.} Ke4 62. Rd5 Ra4 63. Kc3 Ra1 64. Kb4 Rb1+ 65. Kc5 Ra1 66. Kb6 Rc1 67. Rc5 Kd4 68. a6 Rb1+ 69. Rb5 {Accuracy: White = 68%, Black = 28%.} 1-0

[Event "Irish New Year Events-GM 2020"]
[Site "Dublin"]
[Date "2020.01.03"]
[Round "2.3"]
[White "Brady, Stephen"]
[Black "Collins, Sam E."]
[Result "1/2-1/2"]
[WhiteElo "2285"]
[BlackElo "2446"]
[Annotator "NA"]
[PlyCount "138"]
[EventDate "2020.01.02"]
[EventType "tourn"]
[EventCountry "IRL"]
[SourceTitle "playchess.com"]
[Source "ChessBase"]
[SourceQuality "1"]
[TimeControl "40/5400+30:1800+30"]

1. e4 {[%emt 0:00:00]} e5 {[%emt 0:02:37]} 2. Nf3 {[%emt 0:00:00]} Nc6 {[%emt 0:00:12]} 3. Bc4 {[%emt 0:00:00]} Bc5 {[%emt 0:00:06]} 4. c3 {[%emt 0:01:19]} Nf6 {[%emt 0:00:19]} 5. d3 {[%emt 0:00:52]} a6 {[%emt 0:01:24]} 6. Nbd2 {[%emt 0:04:28]} d6 {[%emt 0:00:54]} 7. Bb3 {[%emt 0:00:10]} Ba7 {[%emt 0:00:14]} 8. h3 {[%emt 0:06:05]} O-O {[%emt 0:06:56]} 9. Nf1 {[%emt 0:00:07]} d5 {[%emt 0:00:17]} 10. Qe2 {[%emt 0:00:08] C54: Giuoco Piano: 4 c3 Nf6, main lines with 5 d4 and 5 d3} Be6 {[%emt 0:00:21]} 11. Ng3 {[%emt 0:09:04]} dxe4 {[%emt 0:09:41]} 12. dxe4 {[%emt 0:01:47]} Bxb3 {[%emt 0:00:08]} 13. axb3 {[%emt 0:00:05] [#]} a5 $146 {[%emt 0:03:47]} ({Predecessor:} 13... Qd7 14. Nh2 a5 15. O-O Qe6 16. Qb5 Bb6 17. Nf3 Ne8 {½-½ (43) Tiviakov,S (2663)-Sargissian,G (2676) Antalya 2013}) 14. Bg5 {[%emt 0:10:45]} Qd6 {[%emt 0:11:11]} 15. Nf5 {[%emt 0:04:16]} Qe6 {[%emt 0:04:35]} 16. Bxf6 {[%emt 0:00:25]} Qxf6 {[%emt 0:01:32]} 17. O-O {[%emt 0:00:55]} Rfd8 {[%emt 0:07:16]} 18. Rfd1 {[%emt 0:01:58]} Bb6 {[%emt 0:03:34]} 19. Nd2 {[%emt 0:02:03]} Ne7 {[%emt 0:04:33]} 20. Nxe7+ {[%emt 0:04:17]} Qxe7 {[%emt 0:01:28]} 21. Nc4 {[%emt 0:04:31]} Qc5 $1 {[%emt 0:03:48]} 22. Ne3 {[%emt 0:00:41]} c6 {[%emt 0:01:36]} 23. Rxd8+ {[%emt 0:01:48]} Rxd8 {[%emt 0:05:13]} 24. Rd1 {[%emt 0:00:09]} Qf8 {[%emt 0:02:06]} 25. Rd3 {[%emt 0:08:25]} Rxd3 {[%emt 0:01:20]} (25... Rd5 $2 {[%emt 0:28:42][%mdl 8192]}) (25... g6 $11) 26. Qxd3 {[%emt 0:00:06]} Qd8 $19 {[%emt 0:00:23]} 27. Qxd8+ {[%emt 0:00:17]} Bxd8 {[%emt 0:00:05]} 28. Kf1 {[%emt 0:00:16]} f6 {[%emt 0:00:50]} 29. Ke2 {[%emt 0:00:11]} Kf7 {[%emt 0:00:20]} 30. Kd3 {[%emt 0:00:47]} Ke6 {[%emt 0:00:29]} 31. f3 {[%emt 0:01:04]} g6 {[%emt 0:06:44]} 32. g4 {[%emt 0:00:07]} Bb6 {[%emt 0:02:02]} 33. Nc4 {[%emt 0:11:26]} Bd8 {[%emt 0:00:10]} 34. Ne3 {[%emt 0:00:22]} Bb6 {[%emt 0:00:06]} 35. Nc4 {[%emt 0:00:05]} Bc7 {[%emt 0:00:32]} 36. Ne3 {[%emt 0:00:07]} Bd8 {[%emt 0:00:14]} 37. Nc4 {[%emt 0:01:00]} Bc7 {[%emt 0:01:29]} 38. Ne3 {[%emt 0:04:08]} Kf7 {[%emt 0:01:07]} 39. Nc4 {[%emt 0:03:22]} Ke7 {[%emt 0:01:18]} 40. Ne3 {[%emt 0:00:23]} Ke6 {[%emt 0:00:06]} 41. Nc4 {[%emt 0:30:58]} b5 {[%emt 0:32:28]} 42. Ne3 {[%emt 0:00:17]} Bb6 {[%emt 0:00:20]} 43. Ng2 {[%emt 0:01:04]} Bf2 {[%emt 0:00:00]} 44. Ke2 {[%emt 0:00:06]} Bb6 {[%emt 0:00:00]} 45. Kd3 {[%emt 0:00:04]} Bf2 {[%emt 0:00:00]} 46. Ke2 {[%emt 0:00:03]} Bc5 {[%emt 0:00:10]} 47. Kd3 {[%emt 0:00:15]} Bf8 {[%emt 0:00:30]} 48. Ke2 {[%emt 0:15:57]} Bh6 {[%emt 0:00:32]} 49. Kd3 {[%emt 0:00:20]} Bc1 {[%emt 0:01:25]} 50. Kc2 {[%emt 0:00:06]} Bg5 {[%emt 0:00:17]} 51. Kd3 {[%emt 0:00:13]} Kd6 {[%emt 0:05:05]} 52. Ne1 {[%emt 0:00:42]} Bh4 {[%emt 0:00:29]} 53. Ng2 {[%emt 0:00:07]} Bg3 {[%emt 0:00:56]} 54. Ne3 {[%emt 0:00:33]} Kc5 {[%emt 0:00:31]} 55. Nc2 {[%emt 0:01:21]} Kd6 {[%emt 0:01:52]} 56. Ne3 {[%emt 0:01:19]} Bf2 {[%emt 0:00:30]} 57. Ng2 {[%emt 0:00:17]} Kc5 {[%emt 0:00:11]} 58. Ke2 {[%emt 0:00:10]} Bg3 {[%emt 0:00:27]} 59. Kd3 {[%emt 0:00:12]} Kb6 {[%emt 0:02:12]} 60. Ne3 {[%emt 0:00:09]} Bf4 {[%emt 0:00:10]} 61. Ng2 {[%emt 0:00:06]} Bg5 {[%emt 0:00:36]} 62. Ne1 {[%emt 0:00:19]} Bh4 {[%emt 0:01:00]} 63. Ng2 {[%emt 0:00:06]} Bg3 {[%emt 0:00:26]} 64. Ne3 {[%emt 0:00:06]} Kc5 {[%emt 0:00:34]} 65. Nc2 {[%emt 0:00:21]} Kd6 {[%emt 0:00:17]} 66. Ne3 {[%emt 0:01:05]} Bf2 {[%emt 0:01:38]} 67. Ng2 {[%emt 0:00:28]} Kc5 {[%emt 0:03:50]} 68. Ke2 {[%emt 0:00:07]} Bg3 {[%emt 0:00:14]} 69. Kd3 {[%emt 0:00:09]} Bf2 {[%emt 0:00:24]} 1/2-1/2